书目信息 |
| 题名: |
孤侠行诗文选集
|
|
| 作者: | 孤侠行 , 孤侠行 著 | |
| 分册: | ||
| 出版信息: | 北京 中国戏剧出版社 2009.07 |
|
| 页数: | 290页 | |
| 开本: | 21cm | |
| 丛书名: | 新概念书坊 | |
| 单 册: | ||
| 中图分类: | I217.62 | |
| 科图分类: | ||
| 主题词: | 诗词--Shi Ci--中国--现代--选集 , 散文--San Wen--中国--现代--选集 , 散文--San Wen , 诗词--Shi Ci | |
| 电子资源: | ||
| ISBN: | 978-7-104-03003-4 | |
| 000 | 00985nam 22003137 4550 | |
| 001 | CALB0120110689652m | |
| 005 | 20110302190432.12 | |
| 010 | @a978-7-104-03003-4 @dCNY32.00 | |
| 099 | @aCALB0120110689652m | |
| 100 | @a20100728d2009 kmey0chiy0110 ea | |
| 101 | 0 | @achi |
| 102 | @aCN@b110000 | |
| 105 | @ay z 000yy | |
| 200 | 1 | @a孤侠行诗文选集@AGu Xia Xing Shi Wen Xuan Ji@f孤侠行著@Fgu xia xing zhu |
| 210 | @a北京@c中国戏剧出版社@d2009.07 | |
| 215 | @a290页@d21cm | |
| 225 | 2 | @a新概念书坊@AXin Gai Nian Shu Fang |
| 330 | @a本书收录作者创作的诗文,体裁包括赋、律、绝、新韵、古诗、歌行、现代诗等 | |
| 410 | 0 | @12001 @a新概念书坊 |
| 606 | 0 | @a诗词@AShi Ci@y中国@z现代@j选集 |
| 606 | 0 | @a散文@ASan Wen@y中国@z现代@j选集 |
| 606 | 0 | @a散文@ASan Wen |
| 606 | 0 | @a诗词@AShi Ci |
| 690 | @aI217.62@v4 | |
| 701 | 0 | @a孤侠行@AGu Xia Xing@4著 |
| 701 | 0 | @a孤侠行@Agu xia xing@4著 |
| 801 | 0 | @aCN@bHNWM@c20110302 |
| 905 | @aZUCC@dI217.62@eG436@f3 | |
| 998 | @aHNJM | |
| 孤侠行诗文选集/孤侠行著.-北京:中国戏剧出版社,2009.07 |
| 290页;21cm.-(新概念书坊) |
| ISBN 978-7-104-03003-4 :CNY32.00 |
| 本书收录作者创作的诗文,体裁包括赋、律、绝、新韵、古诗、歌行、现代诗等 |
| ● |
| 相关链接 |
|
|
|
正题名:孤侠行诗文选集
索取号:I217.62/G436
 
预约/预借
| 序号 | 登录号 | 条形码 | 馆藏地/架位号 | 状态 | 备注 |
| 1 | 1192597 | 211925979 | 文学库108/108文学库 15排9列4层/ [索取号:I217.62/G436] | 在馆 | |
| 2 | 1192598 | 211925988 | 文学库108/108文学库 15排9列4层/ [索取号:I217.62/G436] | 在馆 | |
| 3 | 1192599 | 211925997 | 文学库108/108文学库 15排9列4层/ [索取号:I217.62/G436] | 在馆 |